01114nam a2200325Ia 450000500170000000800380001702000340005502000320008904100080012108200160012910000290014524501150017425000360028930000250032549000250035050000490037553400340042465000300045865000360048865000270052465100280055170000330057994200120061226400260062433600270065033700330067733800280071004000350073899900150077320220317001846.0170410s2015 s g 000 0 s  a9788420650821 (obra completa) a9788420651316 (volúmen 4) aspa04a949.5bA73g1 aAsimov, Isaacd1920-199214aLos griegosbuna gran aventurabhistoria universal AsimovcIsaac Asimov ; traducción de Néstor A. Míguez a3a. edición, 3a reimpresión a408 páginasc18 cm aEl libro de bolsillo aIncluye cronología e índice onomástico tThe Greeks, A great adventure142LEMBaCivilizacion Griega142LEMBaGriegosxHistoria antigua142LEMBaHistoria antigua 4aGreciaxHistoria9172271 aMíguez, Néstor A.978020 2ddccBK aMadridbAlianzac2015 atextobtxt2rdacontent asin mediaciónbn2rdamedia avolumenbnc2rdacarrier aCO-BoRNBPbspaerdacCO-BoRNBP c8330d8330